Landscape Architecture Magazine : The Magazine of the American Society of Landscape Architects /

Landscape Architecture Magazine: The Magazine of the American Society of Landscape Architects (LAM), es una publicación norteamericana con sede en Washington D.C. que se ha convertido en un referente para los diseñadores del paisajismo en Norteamérica con 60 mil lectores, tanto en formato impreso co...

Descripció completa

Guardat en:
Dades bibliogràfiques
Format: Publicació Periòdica
Idioma:anglès
Publicat: Washington, EUA : American Society of Landscape Architects, 2018-
Matèries:
Etiquetes: Afegir etiqueta
Sense etiquetes, Sigues el primer a etiquetar aquest registre!

MARC

LEADER 00000nas^a2200000^a^4500
001 000402170
005 20260427000000.0
009 20260526143614.241
022 |a 0023-8031 
037 |a Acervo ITESO - Biblioteca 
041 |a ING 
094 |a 1231 
245 0 0 |a Landscape Architecture Magazine :  |b The Magazine of the American Society of Landscape Architects / 
264 1 |a Washington, EUA :  |b American Society of Landscape Architects,  |c 2018- 
300 |a volúmenes 
310 |a Mensual 
336 |a texto  |b txt  |2 rdacontenido 
337 |a sin mediación  |b n  |2 rdamedio 
338 |a volumen  |b nc  |2 rdasoporte 
362 0 |a V. 108, N° 1 (enero 2018) - 
520 |a Landscape Architecture Magazine: The Magazine of the American Society of Landscape Architects (LAM), es una publicación norteamericana con sede en Washington D.C. que se ha convertido en un referente para los diseñadores del paisajismo en Norteamérica con 60 mil lectores, tanto en formato impreso como digital. Fue fundade en 1910 por La Sociedad Americana de Arquitectos de Paisaje con el objetivo promover la implementación de la arquitectura del paisaje por todo el mundo. En sus secciones se enfoca en tres esferas complementarias: negocios, proyectos e investigaciones. Su frecuencia ha tenido varios cambios de acuerdo con su época (de 1910 a 1975 fue trimestral), hasta que en 1990 se estandarizó como una publicación periódica mensual y así ha continuado hasta la fecha. La hemeroteca de la Biblioteca ITESO cuenta con la suscripción de esta revista en formato impreso a partir del número 1, del volumen 108, publicado en enero de 2018. 
599 |a Vigente  |b Compra  |c JournalsOnline 
649 |a XX 
650 |a Ecodiseño -  |x Publicaciones Periódicas Norteamericanas 
650 |a Diseño Arquitectónico -  |x Publicaciones Periódicas Norteamericanas 
650 |a Arquitectura del Paisaje -  |x Publicaciones Periódicas Norteamericanas -  |x Tema Principal 
650 |a Arquitectura -  |x Publicaciones Periódicas Norteamericanas 
650 |a Arte -  |x Publicaciones Periódicas Norteamericanas 
650 |a Publicaciones Periódicas Norteamericanas 
910 |a Fondo General 
920 |a Impresos - Publicaciones Periódicas 
905 |a 105 
902 |a https://opac.biblio.iteso.mx/vufind/Record/000402170